| 000 | 01508cam a2200373 a 4500 | ||
|---|---|---|---|
| 999 |
_c3079 _d3079 |
||
| 001 | 14580257 | ||
| 003 | OSt | ||
| 005 | 20191207122957.0 | ||
| 008 | 061003s2007 maua b 001 0 eng | ||
| 010 | _a 2006031104 | ||
| 015 |
_aGBA676511 _2bnb |
||
| 016 | 7 |
_a013547255 _2Uk |
|
| 020 | _a9781405114905 (pbk. : alk. paper) | ||
| 020 | _a1405114908 (pbk. : alk. paper) | ||
| 035 | _a(OCoLC)ocm71945637 | ||
| 035 |
_a(OCoLC)71945637 _z(OCoLC)71285126 |
||
| 040 |
_aDLC _cDLC _dBAKER _dUKM _dC#P _dYDXCP _dYDX _dBTCTA _dLMR _dNLGGC _dDLC |
||
| 050 | 0 | 0 |
_aLB2369 _b.R575 2007 |
| 082 | 0 | 0 |
_a001.42 ROB 2007 _222 |
| 100 | 1 |
_aRobson, Colin. _96835 |
|
| 245 | 1 | 0 |
_aHow to do a Research Project: _ba guide for undergraduate students |
| 260 |
_aMalden, MA : _bBlackwell Pub., _c2007. |
||
| 300 |
_axii, 159 p. : _bill. ; _c23 cm. |
||
| 504 | _aIncludes bibliographical references (p. 153-154) and indexes. | ||
| 650 | 0 |
_aReport writing. _92609 |
|
| 650 | 0 |
_aSocial sciences _91099 |
|
| 650 | 0 |
_aMethodology _96836 |
|
| 856 | 4 | 1 |
_3Table of contents only _uhttp://www.loc.gov/catdir/toc/ecip072/2006031104.html |
| 856 | 4 | 2 |
_3Contributor biographical information _uhttp://www.loc.gov/catdir/enhancements/fy0810/2006031104-b.html |
| 856 | 4 | 2 |
_3Publisher description _uhttp://www.loc.gov/catdir/enhancements/fy0810/2006031104-d.html |
| 906 |
_a7 _bcbc _corignew _d1 _eecip _f20 _gy-gencatlg |
||
| 942 |
_2ddc _cSLOAN |
||